00338nam a2200157Ia 4500008004000000041000800040082001200048100000600060245003900066260002000105650000700125650001100132650001200143650001600155650000900171210210b1934 xxu||||| |||| 00| 0 eng d aeng a335/385 a- aMadras journal of cooperation 1934 aMadrasb-c1934 aof aMadras ajournal acooperation a1934